Návrh opatrení na zefektívnenie systému vzdelávania zamestnancov na základe tvorby Micro e-learningových videí v podniku GARDEON, s. r. o.
Enregistré dans:
| Auteur principal: | |
|---|---|
| Autres auteurs: | |
| Format: | Manuscrit Livre |
| Langue: | slovaque |
| Publié: |
2025
|
| Sujets: | |
| Accès en ligne: | http://is.stuba.sk/zp/portal_zp.pl?podrobnosti=186250 |
| Tags: |
Pas de tags, Soyez le premier à ajouter un tag!
|
MARC
| LEADER | 00000ntm a22000003a 4500 | ||
|---|---|---|---|
| 001 | stuzp103975 | ||
| 003 | SK-STU | ||
| 005 | 20250628211035.8 | ||
| 007 | ta | ||
| 008 | 150427s2015----xo-----f-mn---000-0-slo-d | ||
| 040 | |a STU |b slo | ||
| 041 | 0 | |a slo | |
| 100 | 1 | |a Tittelová, Magdaléna |u 064000 |4 aut |U MTF Materiálovotechnologická fakulta |T MTF Ústav priemyselného inžinierstva a manažmentu |X 103204 |U M4000 |Y 84 |7 103204 | |
| 242 | 0 | 1 | |a Proposal of measures to streamline the employee education system based on the creation of Micro e-learning videos in the company GARDEON, s. r. o. |y eng |
| 245 | 1 | 0 | |a Návrh opatrení na zefektívnenie systému vzdelávania zamestnancov na základe tvorby Micro e-learningových videí v podniku GARDEON, s. r. o. |
| 260 | |c 2025 | ||
| 650 | 4 | |a onboarding |2 slo | |
| 650 | 4 | |a micro e-learning |2 slo | |
| 650 | 4 | |a firemné vzdelávanie |2 slo | |
| 650 | 4 | |a školenie zamestnancov |2 slo | |
| 650 | 4 | |a employee education |2 eng | |
| 650 | 4 | |a onboarding |2 eng | |
| 650 | 4 | |a digital training |2 eng | |
| 650 | 4 | |a micro e-learning |2 eng | |
| 700 | 1 | |a Mesárošová, Jana |u 064000 |k Z1 |4 ths |U MTF Materiálovotechnologická fakulta |T MTF Ústav priemyselného inžinierstva a manažmentu |X 33022 |U M4000 |Y 84 |7 A000033022 | |
| 856 | 4 | |u http://is.stuba.sk/zp/portal_zp.pl?podrobnosti=186250 | |
| 996 | |c M* BP-10037 |l MMSKP |s P |a 0 |w stuzp103975_0001 | ||